| 000 | 00510nam a22001937i 4500 | ||
|---|---|---|---|
| 001 | 3435 | ||
| 003 | OSt | ||
| 005 | 20170126082318.0 | ||
| 007 | tu | ||
| 008 | 161220s1997 xxu||||| |||| 00| 0 d | ||
| 024 | 7 |
_a3434 _2RID |
|
| 040 | _cOSt | ||
| 084 |
_a22.22 _2z |
||
| 100 | 1 | _aShams, Rasul | |
| 245 | 0 | 0 | _aRegionalsierung der Weltwirtschaft und zentrische Entwicklung |
| 260 |
_aHamburg : _bHWWA-Institut für Wirtschaftsforschung,Hamburg, _c1997. |
||
| 300 |
_a32 S. ; _c30cm. |
||
| 490 |
_aHWWA-Diskussionspapier _v42 |
||
| 942 | _cB | ||
| 999 |
_c3385 _d3385 |
||